000 00814nac a22002657a 4500
001 BR9700321
003 BR-BrBNA
005 20240105121831.0
008 230509b bl.|||m| |||| 00| 0 por d
040 _aBR-BrBNA
_bpor
_cBiblioteca Nacional de Agricultura
072 _aP40
090 _a4210 BR9700321
100 1 _aCaldas Neta, U.
100 1 _aRolim, I.E.F.R.
110 1 _aEscola Superior de Agricultura de Mossoro, RN (Brasil)
_94362
245 1 _aOs 650 titulos da bibliografia da seca na Colecao Mossoroense
260 3 _aMossoro, RN (Brasil):
_c1990.
300 _a142 p.
490 _aColecao Mossoroense. Serie C (Brazil)
_vno. 575
_x
650 _aSeca
650 _aEstiagem
650 _aRio Grande do Norte
909 _a202312
_bLúcia Elande
_c55
_dLúcia Elande
942 _2AGRIS
_n0
_cMS
999 _c287736
_d287736